000 00476nam a2200181Ia 4500
008 191130s2009##################000#0#eng##
020 _a9780786952014
040 _aACL
_cACL
082 _a813.54 BEY
100 _aBeyer, Doug
245 _aAlara unbroken
_cDoug Beyer
260 _aRenton, WA
_bWizards of the Coast
_c2009
300 _a373 p. ; 18 cm
650 _aEnglish Fiction
990 _a44d1cc1dac10000c5fb90c3263fa9371
991 _a290646
999 _c365388
_d365388